| 000 | 00408nam a2200145Ia 4500 | ||
|---|---|---|---|
| 008 | 230917s9999||||xx |||||||||||||| ||und|| | ||
| 040 |
_e174966 _aMAIN |
||
| 041 | _aEnglish | ||
| 082 | _a363.7 Y11N | ||
| 100 | _aYadav, Virendra Singh | ||
| 245 | 0 | _aNai sahastrabdi ka paryavaran: Chintan, chunautiyan aur samadhan. 2V. | |
| 260 |
_aNew Delhi _bOmega Publications _c2010 |
||
| 300 | _a452 p. | ||
| 942 | _cBK | ||
| 999 |
_c156472 _d156472 |
||